CURI-CURI CINTA / (Record no. 133864)

MARC details
000 -LEADER
fixed length control field 00773nam a2200277 i 4500
001 - CONTROL NUMBER
control field C2-0335764
003 - CONTROL NUMBER IDENTIFIER
control field PPAK
005 - DATE AND TIME OF LATEST TRANSACTION
control field 20201119145456.0
008 - FIXED-LENGTH DATA ELEMENTS--GENERAL INFORMATION
fixed length control field 160217s2013 my |||| ||||| | may d
020 ## - INTERNATIONAL STANDARD BOOK NUMBER
International Standard Book Number 9789675822124
040 ## - CATALOGING SOURCE
Original cataloging agency PPAK
Language of cataloging eng
Transcribing agency PPAK
Description conventions rda
082 04 - DEWEY DECIMAL CLASSIFICATION NUMBER
Classification number 899.233
Edition number 23
Classification number 899.2333
Edition number 23
090 00 - LOCALLY ASSIGNED LC-TYPE CALL NUMBER (OCLC); LOCAL CALL NUMBER (RLIN)
Classification number (OCLC) (R) ; Classification number, CALL (RLIN) (NR) 899.233
Feature heading SIT
Feature heading G
Classification number (OCLC) (R) ; Classification number, CALL (RLIN) (NR) 899.2333
Feature heading SIT
Feature heading G
100 0# - MAIN ENTRY--PERSONAL NAME
Personal name Siti Rosmizah Semail,
Dates associated with a name 1972-
Relator term author
245 10 - TITLE STATEMENT
Title CURI-CURI CINTA /
Statement of responsibility, etc. SITI ROSMIZAH
264 #1 - PRODUCTION, PUBLICATION, DISTRIBUTION, MANUFACTURE, AND COPYRIGHT NOTICE
Place of production, publication, distribution, manufacture Rawang, Selangor :
Name of producer, publisher, distributor, manufacturer SR Publications ,
Date of production, publication, distribution, manufacture, or copyright notice 2013
300 ## - PHYSICAL DESCRIPTION
Extent 1167 pages ;
Dimensions 19 cm
336 ## - CONTENT TYPE
Source rdacontent
Content type term text
337 ## - MEDIA TYPE
Source rdamedia
Media type term unmediated
338 ## - CARRIER TYPE
Source rdacarrier
Carrier type term volume
650 10 - SUBJECT ADDED ENTRY--TOPICAL TERM
Topical term or geographic name entry element Malaysian fiction (Malay).
Topical term or geographic name entry element Malay fiction.
942 ## - ADDED ENTRY ELEMENTS (KOHA)
Koha item type Book
Source of classification or shelving scheme Dewey Decimal Classification
Holdings
Withdrawn Not for loan Current library Shelving location Date acquired Full call number Barcode Date last seen Koha item type Total Checkouts Total Renewals Date last checked out Checked out
    Perpustakaan Alor Setar Pinjaman Dewasa 02/03/2016 899.233 SIT A00878049 09/05/2018 Book        
    Perpustakaan Awam Sungai Petani Pinjaman Dewasa 16/03/2017 899.233 SIT A01521809 21/01/2026 Book 12 1 20/12/2025  
    Perpustakaan Jitra Pinjaman Dewasa 16/03/2017 899.233 SIT A01521810 14/10/2024 Book 8 1 14/10/2024 04/11/2024
    Perpustakaan Kuala Kedah Pinjaman Dewasa 26/11/2020 899.233 SIT A00740061 26/11/2020 Book        
    Perpustakaan Kulim Pinjaman Dewasa 16/03/2017 899.233 SIT A01521811 09/05/2018 Book        
    Perpustakaan Langkawi Pinjaman Dewasa 16/03/2017 899.233 SIT A01521812 07/12/2020 Book 9 1 07/12/2020 28/12/2020